000 00760nam a2200289Ia 4500
005 20260324120235.0
008 008 260324s9999 xx 000 0 eng d
020 _a9781003579397
037 _aEBOOK
040 _aCRL
040 _beng
040 _cCRL
041 _2eng
041 _aeng
084 _qCRL
100 _aMichael Zhang; Fuquan Zhao; Han Hao
_91157783
245 0 _aJournal of Sustainable Mobility Vol. 2 Issue 1
245 0 _bSustainable Mobility in China and its Implications for Emerging Economies
260 _bTaylor and Francis
260 _c2015
365 _a
365 _b145
856 _uhttp://www.taylorfrancis.com/books/9781003579397
942 _cEBOOK
999 _c1749216
_d1749216